000 00364nam a22001577a 4500
020 _a81-85938-18-0
041 _aENG
100 _aSnedecor .G.W
245 _aStatistical Methods
250 _aEighih Edition
260 _aNew Delhi
_bAffiliated East-Wast Press
_c1994
300 _a503
650 _aStatistica
700 _aCochran.W.G
856 _uM.Tech ( 7 )
999 _c1012
_d1012